Karty common w Clash Royale - Statystyki

Ogólne statystyki
  • Ten quiz został rozwiązany 61 razy
  • Średni wynik to 17 z 29
Statystyki odpowiedzi
Arena Typ Odpowiedź % Poprawnych
Training Camp Spell Arrows
90%
Arena 1 Troop Goblins
86%
Training Camp Troop Knight
86%
Arena 2 Troop Skeletons
83%
Arena 5 Spell Zap
79%
Training Camp Troop Archers
76%
Arena 8 Troop Ice Spirit
74%
Arena 1 Troop Spear Goblins
74%
Training Camp Troop Minions
71%
Arena 3 Budynek Cannon
69%
Arena 4 Troop Fire Spirit
69%
Arena 4 Troop Electro Spirit
67%
Arena 10 Budynek Tesla
67%
Arena 3 Troop Barbarians
64%
Arena 12 Troop Firecracker
55%
Arena 8 Spell Giant Snowball
55%
Arena 9 Troop Goblin Gang
55%
Arena 5 Budynek Mortar
52%
Arena 10 Troop Elite Barbarians
50%
Arena 10 Troop Minion Horde
48%
Arena 7 Troop Royal Giant
48%
Arena 2 Troop Bomber
45%
Arena 13 Troop Rascals
40%
Training Camp Tower Troop Tower princess
40%
Arena 5 Troop Bats
38%
Arena 7 Troop Royal Recruits
38%
Arena 14 Spell Royal Delivery
36%
Arena 9 Troop Skeleton Barrel
36%
Arena 4 Troop Skeleton Dragons
31%
Nie znaleziono quizów pasujących do podanych kryteriów
Rozkład punktacji
Procent ludzi z każdym wynikiem
Percentyl według liczby udzielonych odpowiedzi
Twoja historia wyników
Nie rozwiązałeś tego quizu